| 000 | 00653nam a2200229Ia 4500 | ||
|---|---|---|---|
| 001 | 214 | ||
| 005 | 20251204171631.0 | ||
| 008 | 251203t2008||||xx |||||||||||||| ||spa|| | ||
| 020 | _a9786034535909 | ||
| 041 | _aESP | ||
| 082 |
_a333.7585 _bB81 |
||
| 100 |
_aBrack Egg, Antonio, _cAUT |
||
| 245 | 0 | _aPerú país de bosques | |
| 246 |
_aPeru, land of forests5 _bYonz Martinez, Antonio |
||
| 250 | _aPrimera edición | ||
| 260 |
_aLima : _bGraph Ediciones _c2008 |
||
| 300 |
_a178 páginas : _b ilustraciones ; _c 25 cm. |
||
| 650 | _aCIS | ||
| 653 | _aBosques nacionales; Conservación de bosques - Perú | ||
| 654 | _aCTP | ||
| 942 |
_cLIB _dJUS _fMIP _2ddc |
||
| 999 |
_c214 _d214 |
||